Democratización y política exterior: a propósito de las iniciativas de la Administración Arias

Analiza las iniciativas presentadas por el presidente de Costa Rica Dr. Oscar Arias Sánchez (1986-1990) para encontrarle solución a los problemas centroamericanos. Tal examen parte del estudio crítico de la política exterior de este gobierno. Reflexiona sobre ciertos puntos claves como: ¿él por qué...

সম্পূর্ণ বিবরণ

সংরক্ষণ করুন:
গ্রন্থ-পঞ্জীর বিবরন
প্রধান লেখক: Sojo Obando, Carlos
বিন্যাস: পাঠ‍্য
প্রকাশিত: San José :
বিষয়গুলি:
ট্যাগগুলো: ট্যাগ যুক্ত করুন
কোনো ট্যাগ নেই, প্রথমজন হিসাবে ট্যাগ করুন!

MARC

LEADER 00000 a a2200000 04500
001 12789
003
040
090 |a 027800  
100 |a Sojo Obando, Carlos  
245 |a Democratización y política exterior: a propósito de las iniciativas de la Administración Arias  
260 |a San José :  
300 |a 19 p.  
520 |a Analiza las iniciativas presentadas por el presidente de Costa Rica Dr. Oscar Arias Sánchez (1986-1990) para encontrarle solución a los problemas centroamericanos. Tal examen parte del estudio crítico de la política exterior de este gobierno. Reflexiona sobre ciertos puntos claves como: ¿él por qué de la democratización en Centroamérica? la democracia como estrategia estadounidense para América Latina y, muy especialmente, para Centroamérica las principales características y limitaciones de la propuesta de paz del presidente Arias que podrían impedir la participación de la población en la toma de decisiones sobre los asuntos que afectan las relaciones internacionales y el papel de Costa Rica en este plano. EL/eb  
650 |a ADMINISTRACION ARIAS SANCHEZ, CR  
650 |a DEMOCRATIZACION  
650 |a POLITICA EXTERIOR  
650 |a CONFLICTOS  
650 |a GRUPO DE CONTADORA  
650 |a GRUPOS DE INTERESES  
650 |a PLANES REGIONALES  
650 |a PLANES DE PAZ  
650 |a INTERVENCION EXTRANJERA  
999 |c 14193  |d 14193